Central Library OPAC University of Rajshahi

The American language : (Record no. 17396)

MARC details
000 -LEADER
fixed length control field 00818cam a2200265u 4500
001 - CONTROL NUMBER
control field 17396
003 - CONTROL NUMBER IDENTIFIER
rucl marc code BD-RjUL
005 - DATE AND TIME OF LATEST TRANSACTION
control field 20211209000131.0
008 - FIXED-LENGTH DATA ELEMENTS--GENERAL INFORMATION
fixed length control field 140217s1963 nyu 001 0 eng
035 ## - SYSTEM CONTROL NUMBER
System control number (BD-RjUL)17454
040 ## - CATALOGING SOURCE
Original cataloging agency DLC
Transcribing agency CarP
Modifying agency DLC
-- BD-RjUL
Language of cataloging eng
041 ## - LANGUAGE CODE
Language code of text/sound track or separate title eng
082 00 - DEWEY DECIMAL CLASSIFICATION NUMBER
Edition number 19
Classification number 810.9
Author mark and year MEA 1963
100 1# - MAIN ENTRY--PERSONAL NAME
Personal name Mencken, H. L.
Fuller form of name (Henry Louis),
Dates associated with a name 1880-1956.
9 (RLIN) 53614
245 14 - TITLE STATEMENT
Title The American language :
Remainder of title An inquiry into the development of English in the United States /
Statement of responsibility, etc. H. L. Mencken.
250 ## - EDITION STATEMENT
Edition statement 4th ed.
260 ## - PUBLICATION, DISTRIBUTION, ETC. (IMPRINT)
Place of publication, distribution, etc. New York :
Name of publisher, distributor, etc. Knopf,
Date of publication, distribution, etc. 1963.
300 ## - PHYSICAL DESCRIPTION
Pagination xxv, 777 p. cxxiv :
Size 25cm.
504 ## - BIBLIOGRAPHY, ETC. NOTE
Bibliography, etc Includes index.
650 #0 - SUBJECT ADDED ENTRY--TOPICAL TERM
Topical term or geographic name as entry element English language
Geographic subdivision United States.
9 (RLIN) 24383
Topical term or geographic name as entry element Names
Geographic subdivision United States.
9 (RLIN) 53615
942 ## - ADDED ENTRY ELEMENTS (KOHA)
Source of classification or shelving scheme Dewey Decimal Classification
Koha item type Books
Holdings
Lost status Source of classification or shelving scheme Damaged status Not for loan Collection code Permanent Location Current Location Shelving location Date acquired Source of acquisition Cost, normal purchase price Total Checkouts Full call number Date last seen Copy number Koha item type
  Dewey Decimal Classification     Non-fiction Central Library, University of Rajshahi Central Library, University of Rajshahi Reading Room 28/04/1965 Zeitlinger 104.00   810.9 MEA 1963 17/02/2014 C-2 Books
  Dewey Decimal Classification   Not For Loan Non-fiction Central Library, University of Rajshahi Central Library, University of Rajshahi Reading Room 10/12/1962 Zitlinger 63.00   810.9 MEA 1957 17/02/2014 C-1 Books